[Event "European Women's Championship"]
[Site "Vysoke Tatry"]
[Date "2018.04.10"]
[Round "3"]
[White "Osmanodja, Filiz"]
[Black "Pogonina, Natalija"]
[Result "1-0"]
[Board "29"]
[WhiteElo "2300"]
[WhiteTitle "WIM"]
[WhiteCountry "GER"]
[WhiteFideId "24633569"]
[WhiteEloChange "15"]
[BlackElo "2474"]
[BlackTitle "WGM"]
[BlackCountry "RUS"]
[BlackFideId "4147855"]
[BlackEloChange "-7"]

1. e4 {[%clk 1:30:58]} e5 {[%clk 1:30:55]} 2. Nf3 {[%clk 1:31:22]} Nc6 {[%clk
1:31:19]} 3. Bb5 {[%clk 1:31:49]} a6 {[%clk 1:31:44]} 4. Ba4 {[%clk 1:32:17]} Nf6
{[%clk 1:32:06]} 5. O-O {[%clk 1:32:45]} Be7 {[%clk 1:32:09]} 6. Re1 {[%clk
1:32:56]} b5 {[%clk 1:32:16]} 7. Bb3 {[%clk 1:33:25]} d6 {[%clk 1:32:24]} 8. c3
{[%clk 1:33:16]} O-O {[%clk 1:32:36]} 9. h3 {[%clk 1:33:44]} Nb8 {[%clk 1:31:51]}
10. d4 {[%clk 1:31:04]} Nbd7 {[%clk 1:32:04]} 11. Nbd2 {[%clk 1:29:26]} c5 {[%clk
1:31:07]} 12. Nf1 {[%clk 1:26:54]} Re8 {[%clk 1:25:08]} 13. Ng3 {[%clk 1:24:09]}
Bf8 {[%clk 1:24:56]} 14. Nf5 {[%clk 1:15:17]} exd4 {[%clk 0:47:58]} 15. cxd4
{[%clk 1:14:01]} Bb7 {[%clk 0:48:10]} 16. Ng3 {[%clk 0:54:07]} cxd4 {[%clk
0:45:23]} 17. Qxd4 {[%clk 0:45:23]} Nc5 {[%clk 0:43:32]} 18. Bg5 {[%clk 0:32:25]}
Nxb3 {[%clk 0:28:57]} 19. axb3 {[%clk 0:32:54]} Re6 {[%clk 0:29:16]} 20. Nh5
{[%clk 0:16:46]} Be7 {[%clk 0:25:48]} 21. Nf4 {[%clk 0:17:14]} Rxe4 {[%clk
0:26:08]} 22. Rxe4 {[%clk 0:17:21]} Nxe4 {[%clk 0:26:34]} 23. Bxe7 {[%clk
0:16:39]} Qxe7 {[%clk 0:26:59]} 24. Nd5 {[%clk 0:15:04]} Bxd5 {[%clk 0:21:10]}
25. Qxd5 {[%clk 0:15:32]} Rc8 {[%clk 0:21:20]} 26. Rxa6 {[%clk 0:11:04]} h6
{[%clk 0:16:01]} 27. Ra8 {[%clk 0:05:26]} Rxa8 {[%clk 0:16:20]} 28. Qxa8+ {[%clk
0:05:55]} Kh7 {[%clk 0:16:43]} 29. Qc6 {[%clk 0:04:23]} b4 {[%clk 0:05:06]} 30.
Qb5 {[%clk 0:04:51]} Nc5 {[%clk 0:05:31]} 31. Qxb4 {[%clk 0:04:40]} Qe6 {[%clk
0:05:51]} 32. Nd4 {[%clk 0:01:41]} Qe4 {[%clk 0:06:08]} 33. Qd2 {[%clk 0:01:37]}
Nd3 {[%clk 0:04:55]} 34. Qe3 {[%clk 0:01:20]} Qg6 {[%clk 0:04:17]} 35. f4 {[%clk
0:00:41]} Nb4 {[%clk 0:03:04]} 36. f5 {[%clk 0:00:46]} Qf6 {[%clk 0:02:37]} 37.
Qd2 {[%clk 0:01:11]} Nd5 {[%clk 0:02:07]} 38. b4 {[%clk 0:01:17]} Qe5 {[%clk
0:01:54]} 39. b5 {[%clk 0:01:29]} Qe4 {[%clk 0:00:54]} 40. b3 {[%clk 0:30:47]}
Nf4 {[%clk 0:30:37]} 41. Nf3 {[%clk 0:13:07]} Qxf5 {[%clk 0:08:56]} 42. b6 {[%clk
0:09:32]} Qc5+ {[%clk 0:04:51]} 43. Kh2 {[%clk 0:07:30]} g5 {[%clk 0:05:10]} 44.
b7 {[%clk 0:03:55]} Qb6 {[%clk 0:04:23]} 45. Qc2+ {[%clk 0:02:41]} Kg7 {[%clk
0:04:46]} 46. Qc3+ {[%clk 0:02:20]} f6 {[%clk 0:00:57]} 47. Qc8 {[%clk 0:02:30]}
Qf2 {[%clk 0:01:16]} 48. Qd7+ {[%clk 0:02:21]} Kg6 {[%clk 0:01:40]} 49. Nh4+
{[%clk 0:02:35]} gxh4 {[%clk 0:01:13]} 50. Qg4+ {[%clk 0:02:56]} 1-0

[Event "European Women's Championship"]
[Site "Vysoke Tatry"]
[Date "2018.04.10"]
[Round "3"]
[White "Worek, Joanna"]
[Black "Socko, Monika"]
[Result "0-1"]
[Board "30"]
[WhiteElo "2295"]
[WhiteTitle "WGM"]
[WhiteCountry "CZE"]
[WhiteFideId "1118080"]
[WhiteEloChange "-5"]
[BlackElo "2471"]
[BlackTitle "GM"]
[BlackCountry "POL"]
[BlackFideId "1106619"]
[BlackEloChange "3"]

1. e4 {[%clk 1:30:57]} c6 {[%clk 1:30:56]} 2. d4 {[%clk 1:31:14]} d5 {[%clk
1:31:22]} 3. e5 {[%clk 1:31:39]} Bf5 {[%clk 1:31:48]} 4. h4 {[%clk 1:31:49]} h6
{[%clk 1:32:14]} 5. g4 {[%clk 1:32:11]} Bd7 {[%clk 1:32:40]} 6. h5 {[%clk
1:32:14]} c5 {[%clk 1:33:03]} 7. c3 {[%clk 1:30:25]} Nc6 {[%clk 1:33:28]} 8. Na3
{[%clk 1:30:36]} Qa5 {[%clk 1:33:51]} 9. Bd2 {[%clk 1:26:12]} e6 {[%clk 1:27:48]}
10. Nc2 {[%clk 1:23:39]} Qb6 {[%clk 1:24:23]} 11. Nf3 {[%clk 1:21:07]} Rc8 {[%clk
1:18:52]} 12. Be2 {[%clk 1:15:12]} cxd4 {[%clk 1:13:38]} 13. cxd4 {[%clk
1:14:50]} Na5 {[%clk 1:12:38]} 14. b3 {[%clk 1:12:25]} Bb5 {[%clk 1:09:52]} 15.
Rc1 {[%clk 1:11:01]} Ne7 {[%clk 1:06:13]} 16. Bxb5+ {[%clk 1:05:04]} Qxb5 {[%clk
1:06:38]} 17. Qe2 {[%clk 1:05:30]} Qxe2+ {[%clk 1:01:58]} 18. Kxe2 {[%clk
1:05:55]} Nec6 {[%clk 0:58:23]} 19. Nfe1 {[%clk 0:49:03]} Kd7 {[%clk 0:55:15]}
20. Nd3 {[%clk 0:49:05]} b6 {[%clk 0:55:38]} 21. f4 {[%clk 0:49:02]} Nb7 {[%clk
0:51:16]} 22. Rhf1 {[%clk 0:46:45]} Be7 {[%clk 0:38:50]} 23. b4 {[%clk 0:33:21]}
a6 {[%clk 0:29:09]} 24. f5 {[%clk 0:29:09]} Bg5 {[%clk 0:28:25]} 25. fxe6+ {[%clk
0:27:02]} Kxe6 {[%clk 0:28:36]} 26. Bxg5 {[%clk 0:25:58]} hxg5 {[%clk 0:29:03]}
27. Rf5 {[%clk 0:26:19]} f6 {[%clk 0:28:34]} 28. exf6 {[%clk 0:26:38]} gxf6
{[%clk 0:29:01]} 29. Rcf1 {[%clk 0:24:41]} Rhf8 {[%clk 0:28:07]} 30. Kd1 {[%clk
0:24:52]} Nd6 {[%clk 0:27:19]} 31. Re1+ {[%clk 0:25:17]} Kd7 {[%clk 0:26:34]} 32.
Rf3 {[%clk 0:22:58]} Nb5 {[%clk 0:26:17]} 33. Nc1 {[%clk 0:20:21]} Ncxd4 {[%clk
0:24:22]} 34. Nxd4 {[%clk 0:20:31]} Nxd4 {[%clk 0:24:48]} 35. Rfe3 {[%clk
0:20:40]} Rce8 {[%clk 0:21:06]} 36. Kd2 {[%clk 0:15:27]} Rxe3 {[%clk 0:15:42]}
37. Rxe3 {[%clk 0:15:51]} Rc8 {[%clk 0:15:11]} 38. Rh3 {[%clk 0:12:38]} Ke6
{[%clk 0:12:25]} 39. Re3+ {[%clk 0:06:41]} Kd6 {[%clk 0:11:57]} 40. Rh3 {[%clk
0:35:53]} Nc6 {[%clk 0:37:49]} 41. Nd3 {[%clk 0:30:43]} Ne5 {[%clk 0:37:18]} 42.
Nf2 {[%clk 0:30:44]} Ke6 {[%clk 0:35:38]} 43. Kd1 {[%clk 0:27:51]} f5 {[%clk
0:33:39]} 44. gxf5+ {[%clk 0:27:52]} Kxf5 {[%clk 0:34:06]} 45. h6 {[%clk
0:28:10]} Rh8 {[%clk 0:32:40]} 46. Ke2 {[%clk 0:27:11]} d4 {[%clk 0:27:06]} 47.
h7 {[%clk 0:27:22]} g4 {[%clk 0:23:22]} 48. Rh5+ {[%clk 0:26:42]} Kf4 {[%clk
0:23:44]} 49. Rh6 {[%clk 0:26:43]} Kg5 {[%clk 0:19:02]} 50. Re6 {[%clk 0:26:33]}
Kf5 {[%clk 0:15:05]} 51. Re7 {[%clk 0:25:09]} g3 {[%clk 0:11:48]} 52. Nh3 {[%clk
0:25:38]} Ng6 {[%clk 0:08:55]} 53. Rf7+ {[%clk 0:24:07]} Kg4 {[%clk 0:08:35]} 54.
Ng1 {[%clk 0:24:32]} Nf4+ {[%clk 0:06:52]} 55. Kd2 {[%clk 0:24:52]} Ne6 {[%clk
0:06:17]} 56. Ne2 {[%clk 0:20:35]} Ng5 {[%clk 0:04:37]} 57. Rd7 {[%clk 0:18:09]}
Nf3+ {[%clk 0:03:47]} 58. Kd1 {[%clk 0:17:35]} g2 {[%clk 0:04:07]} 59. a4 {[%clk
0:12:20]} d3 {[%clk 0:03:58]} 60. Rxd3 {[%clk 0:12:44]} Rxh7 {[%clk 0:04:24]} 61.
Rd6 {[%clk 0:12:28]} Rh1+ {[%clk 0:04:42]} 62. Kc2 {[%clk 0:12:52]} Re1 {[%clk
0:04:51]} 0-1

[Event "European Women's Championship"]
[Site "Vysoke Tatry"]
[Date "2018.04.10"]
[Round "3"]
[White "Girya, Olga"]
[Black "Ozturk, Kubra"]
[Result "1/2-1/2"]
[Board "31"]
[WhiteElo "2470"]
[WhiteTitle "WGM"]
[WhiteCountry "RUS"]
[WhiteFideId "4195752"]
[WhiteEloChange "-2"]
[BlackElo "2295"]
[BlackTitle "WGM"]
[BlackCountry "TUR"]
[BlackFideId "6302599"]
[BlackEloChange "5"]

1. d4 {[%clk 1:30:58]} d5 {[%clk 1:30:45]} 2. Nf3 {[%clk 1:31:23]} Nf6 {[%clk
1:30:56]} 3. c4 {[%clk 1:31:48]} e6 {[%clk 1:30:59]} 4. Nc3 {[%clk 1:31:59]} Be7
{[%clk 1:30:53]} 5. Bf4 {[%clk 1:32:17]} O-O {[%clk 1:30:28]} 6. e3 {[%clk
1:32:43]} b6 {[%clk 1:29:53]} 7. cxd5 {[%clk 1:31:49]} Nxd5 {[%clk 1:29:55]} 8.
Nxd5 {[%clk 1:32:10]} Qxd5 {[%clk 1:30:15]} 9. Be2 {[%clk 1:29:05]} Qa5+ {[%clk
1:29:36]} 10. Nd2 {[%clk 1:29:06]} Ba6 {[%clk 1:27:47]} 11. O-O {[%clk 1:29:16]}
Bxe2 {[%clk 1:25:50]} 12. Qxe2 {[%clk 1:29:44]} c5 {[%clk 1:24:17]} 13. dxc5
{[%clk 1:29:56]} Qxc5 {[%clk 1:20:57]} 14. Rfc1 {[%clk 1:28:00]} Qf5 {[%clk
1:09:41]} 15. Nc4 {[%clk 1:05:32]} Nd7 {[%clk 1:04:47]} 16. Bd6 {[%clk 1:04:01]}
Bxd6 {[%clk 1:04:23]} 17. Nxd6 {[%clk 1:03:22]} Qe5 {[%clk 0:54:30]} 18. Nb5
{[%clk 1:00:20]} Nc5 {[%clk 0:46:09]} 19. b4 {[%clk 0:47:44]} Ne4 {[%clk
0:46:19]} 20. Nd4 {[%clk 0:41:48]} Rac8 {[%clk 0:29:03]} 21. Rc2 {[%clk 0:38:41]}
a5 {[%clk 0:24:12]} 22. bxa5 {[%clk 0:32:16]} Qxa5 {[%clk 0:22:51]} 23. Nc6
{[%clk 0:28:07]} Qa3 {[%clk 0:11:25]} 24. Qb5 {[%clk 0:25:04]} Nc3 {[%clk
0:04:01]} 25. Qxb6 {[%clk 0:23:47]} Nd5 {[%clk 0:04:29]} 26. Qb3 {[%clk 0:23:13]}
Qd6 {[%clk 0:03:49]} 27. Rac1 {[%clk 0:22:25]} Ra8 {[%clk 0:03:08]} 28. g3 {[%clk
0:20:29]} h5 {[%clk 0:02:25]} 29. Qc4 {[%clk 0:14:07]} Ne7 {[%clk 0:01:22]} 30.
Qf4 {[%clk 0:10:54]} Qd7 {[%clk 0:00:57]} 31. Ne5 {[%clk 0:10:35]} Qb5 {[%clk
0:01:06]} 32. Rc5 {[%clk 0:09:18]} Qa4 {[%clk 0:01:12]} 33. Qf3 {[%clk 0:07:11]}
Qxa2 {[%clk 0:01:14]} 34. Qxh5 {[%clk 0:07:22]} Nd5 {[%clk 0:01:06]} 35. R5c4
{[%clk 0:06:03]} Nf6 {[%clk 0:00:59]} 36. Qh4 {[%clk 0:04:59]} Qb2 {[%clk
0:01:05]} 37. Nc6 {[%clk 0:04:41]} Rfe8 {[%clk 0:01:15]} 38. R4c2 {[%clk
0:04:15]} Qb5 {[%clk 0:01:27]} 39. Rc5 {[%clk 0:03:29]} Qb2 {[%clk 0:01:53]} 40.
R5c2 {[%clk 0:31:55]} Qb5 {[%clk 0:32:21]} 41. Qd4 {[%clk 0:24:40]} Ra4 {[%clk
0:32:02]} 42. Rc4 {[%clk 0:18:36]} Ra2 {[%clk 0:27:13]} 43. Ne5 {[%clk 0:18:13]}
Qa5 {[%clk 0:16:47]} 44. Rc8 {[%clk 0:17:17]} Rd2 {[%clk 0:16:24]} 45. Rxe8+
{[%clk 0:16:11]} Nxe8 {[%clk 0:16:52]} 46. Qf4 {[%clk 0:16:24]} Nd6 {[%clk
0:15:23]} 47. Rb1 {[%clk 0:14:13]} Qc7 {[%clk 0:13:37]} 48. Qa4 {[%clk 0:11:42]}
Kh7 {[%clk 0:07:12]} 49. Nf3 {[%clk 0:10:45]} Rd5 {[%clk 0:05:02]} 50. Qh4+
{[%clk 0:10:14]} Kg8 {[%clk 0:05:31]} 51. Ng5 {[%clk 0:10:04]} Ne8 {[%clk
0:03:06]} 52. Qh7+ {[%clk 0:09:47]} Kf8 {[%clk 0:03:34]} 53. Qh8+ {[%clk
0:09:41]} Ke7 {[%clk 0:04:00]} 54. Nh7 {[%clk 0:09:02]} Kd8 {[%clk 0:03:28]} 55.
e4 {[%clk 0:05:12]} Qc2 {[%clk 0:03:01]} 56. Re1 {[%clk 0:02:37]} Rd1 {[%clk
0:02:40]} 57. Rxd1+ {[%clk 0:03:06]} Qxd1+ {[%clk 0:03:09]} 58. Kg2 {[%clk
0:03:31]} Qh5 {[%clk 0:02:17]} 59. h4 {[%clk 0:03:14]} Qh6 {[%clk 0:01:27]} 60.
Ng5 {[%clk 0:02:53]} Ke7 {[%clk 0:01:00]} 61. Qxh6 {[%clk 0:01:54]} gxh6 {[%clk
0:01:29]} 62. Nf3 {[%clk 0:01:50]} Nd6 {[%clk 0:01:21]} 63. Nd2 {[%clk 0:02:13]}
f6 {[%clk 0:01:35]} 64. Kf3 {[%clk 0:02:32]} Kf7 {[%clk 0:01:30]} 65. Ke3 {[%clk
0:02:15]} Kg6 {[%clk 0:01:45]} 66. Kd4 {[%clk 0:02:20]} Nf7 {[%clk 0:01:40]} 67.
Nc4 {[%clk 0:02:13]} Kg7 {[%clk 0:01:29]} 68. f4 {[%clk 0:01:47]} Kf8 {[%clk
0:01:09]} 69. h5 {[%clk 0:01:49]} Ke7 {[%clk 0:01:17]} 70. Kc5 {[%clk 0:01:51]}
Kd7 {[%clk 0:01:27]} 71. Kb6 {[%clk 0:01:07]} e5 {[%clk 0:01:26]} 72. Kc5 {[%clk
0:01:16]} exf4 {[%clk 0:01:20]} 73. gxf4 {[%clk 0:01:44]} Nd8 {[%clk 0:01:28]}
74. f5 {[%clk 0:01:13]} Ke7 {[%clk 0:01:29]} 75. Nd6 {[%clk 0:01:10]} Kd7 {[%clk
0:01:44]} 76. Kd5 {[%clk 0:00:56]} Nc6 {[%clk 0:01:27]} 77. Nc4 {[%clk 0:01:24]}
Nb4+ {[%clk 0:01:31]} 78. Kd4 {[%clk 0:01:35]} Ke7 {[%clk 0:01:49]} 79. Ne3
{[%clk 0:01:29]} Nc6+ {[%clk 0:02:03]} 80. Kc5 {[%clk 0:01:36]} Ne5 {[%clk
0:02:28]} 81. Nd5+ {[%clk 0:01:49]} Kf7 {[%clk 0:02:57]} 82. Nf4 {[%clk 0:01:56]}
Nf3 {[%clk 0:02:35]} 83. Kd6 {[%clk 0:01:28]} Nd2 {[%clk 0:02:46]} 84. Kd5 {[%clk
0:01:50]} Kg7 {[%clk 0:01:57]} 85. Nd3 {[%clk 0:01:47]} Nf1 {[%clk 0:02:01]} 86.
Kd4 {[%clk 0:01:18]} Nd2 {[%clk 0:01:57]} 87. Nc5 {[%clk 0:01:03]} Nf3+ {[%clk
0:01:48]} 88. Kd5 {[%clk 0:01:22]} Kf7 {[%clk 0:02:01]} 89. Nd3 {[%clk 0:01:26]}
Nd2 {[%clk 0:01:44]} 90. Nf2 {[%clk 0:01:44]} Nf1 {[%clk 0:01:34]} 91. Ng4 {[%clk
0:01:07]} Ng3 {[%clk 0:01:51]} 92. Nxh6+ {[%clk 0:01:28]} Kg7 {[%clk 0:02:19]}
93. Ng4 {[%clk 0:01:17]} Nxh5 {[%clk 0:02:47]} 94. Ke6 {[%clk 0:01:35]} Nf4+
{[%clk 0:02:46]} 95. Ke7 {[%clk 0:02:01]} Nh5 {[%clk 0:03:03]} 96. Ne3 {[%clk
0:01:39]} Kh6 {[%clk 0:01:42]} 97. Nd5 {[%clk 0:00:59]} Kg5 {[%clk 0:02:11]} 98.
Kf7 {[%clk 0:00:46]} Ng3 {[%clk 0:02:19]} 99. Nxf6 {[%clk 0:00:41]} Nxe4 {[%clk
0:02:33]} 100. Nxe4+ {[%clk 0:01:04]} Kxf5 {[%clk 0:03:02]} 1/2-1/2

[Event "European Women's Championship"]
[Site "Vysoke Tatry"]
[Date "2018.04.10"]
[Round "3"]
[White "Bodnaruk, Anastasia"]
[Black "Fuchs, Judith"]
[Result "0-1"]
[Board "32"]
[WhiteElo "2460"]
[WhiteTitle "IM"]
[WhiteCountry "RUS"]
[WhiteFideId "4181751"]
[WhiteEloChange "-7"]
[BlackElo "2286"]
[BlackTitle "WGM"]
[BlackCountry "GER"]
[BlackFideId "24605611"]
[BlackEloChange "15"]

1. e4 {[%clk 1:30:58]} c5 {[%clk 1:30:54]} 2. Nf3 {[%clk 1:31:23]} d6 {[%clk
1:31:15]} 3. d4 {[%clk 1:31:45]} cxd4 {[%clk 1:31:38]} 4. Nxd4 {[%clk 1:32:13]}
Nf6 {[%clk 1:31:59]} 5. Nc3 {[%clk 1:32:40]} Bd7 {[%clk 1:32:23]} 6. f3 {[%clk
1:29:51]} e6 {[%clk 1:30:21]} 7. Ndb5 {[%clk 1:21:56]} Bxb5 {[%clk 1:24:56]} 8.
Bxb5+ {[%clk 1:22:19]} Nc6 {[%clk 1:25:15]} 9. O-O {[%clk 1:04:56]} Be7 {[%clk
1:24:44]} 10. Kh1 {[%clk 1:04:54]} O-O {[%clk 1:24:37]} 11. f4 {[%clk 1:04:42]}
Qb6 {[%clk 1:19:43]} 12. Bd3 {[%clk 1:01:55]} Rac8 {[%clk 1:13:32]} 13. a3 {[%clk
0:49:39]} Nd7 {[%clk 1:05:22]} 14. Qh5 {[%clk 0:45:15]} Nc5 {[%clk 0:47:11]} 15.
Rf3 {[%clk 0:25:05]} Nxd3 {[%clk 0:44:39]} 16. Rxd3 {[%clk 0:25:11]} Qf2 {[%clk
0:39:54]} 17. Qd1 {[%clk 0:21:06]} Qc5 {[%clk 0:37:30]} 18. Be3 {[%clk 0:19:20]}
Qc4 {[%clk 0:35:01]} 19. Qh5 {[%clk 0:18:21]} f5 {[%clk 0:33:07]} 20. Rad1 {[%clk
0:16:02]} fxe4 {[%clk 0:28:04]} 21. b3 {[%clk 0:15:58]} Qa6 {[%clk 0:27:44]} 22.
Nxe4 {[%clk 0:16:15]} d5 {[%clk 0:25:20]} 23. Nc5 {[%clk 0:11:53]} Bxc5 {[%clk
0:25:07]} 24. Bxc5 {[%clk 0:12:22]} Rxf4 {[%clk 0:22:03]} 25. Bd6 {[%clk
0:00:41]} Rf5 {[%clk 0:20:45]} 26. Qg4 {[%clk 0:00:55]} Rd8 {[%clk 0:17:33]} 27.
Qg3 {[%clk 0:00:50]} e5 {[%clk 0:14:35]} 28. Qh3 {[%clk 0:00:33]} Rf6 {[%clk
0:12:52]} 29. Bc5 {[%clk 0:00:35]} b6 {[%clk 0:11:21]} 30. Bg1 {[%clk 0:00:45]}
d4 {[%clk 0:10:13]} 31. a4 {[%clk 0:00:44]} Qc8 {[%clk 0:06:20]} 32. Qh4 {[%clk
0:00:34]} Nb4 {[%clk 0:04:58]} 33. R3d2 {[%clk 0:00:57]} Rdf8 {[%clk 0:04:40]}
34. Qe4 {[%clk 0:00:48]} Qf5 {[%clk 0:04:31]} 35. Qe2 {[%clk 0:00:58]} Rc8 {[%clk
0:03:42]} 36. c4 {[%clk 0:00:35]} dxc3 {[%clk 0:01:50]} 37. Rd8+ {[%clk 0:01:01]}
Rf8 {[%clk 0:02:10]} 38. Rxf8+ {[%clk 0:00:32]} Qxf8 {[%clk 0:02:34]} 39. Rc1
{[%clk 0:00:31]} c2 {[%clk 0:01:37]} 40. Be3 {[%clk 0:30:41]} Qf5 {[%clk
0:30:56]} 41. Rf1 {[%clk 0:24:16]} Qd3 {[%clk 0:27:56]} 42. Qf2 {[%clk 0:21:56]}
Qxb3 {[%clk 0:26:06]} 43. Qg3 {[%clk 0:15:21]} Na2 {[%clk 0:20:32]} 44. Qxe5
{[%clk 0:12:11]} c1Q {[%clk 0:18:52]} 45. Bxc1 {[%clk 0:12:33]} Nxc1 {[%clk
0:19:15]} 46. Qf5 {[%clk 0:12:26]} Qc4 {[%clk 0:16:23]} 47. Rf4 {[%clk 0:12:50]}
Re8 {[%clk 0:15:03]} 48. h4 {[%clk 0:12:46]} Qe6 {[%clk 0:13:55]} 0-1

[Event "European Women's Championship"]
[Site "Vysoke Tatry"]
[Date "2018.04.10"]
[Round "3"]
[White "Paramzina, Anastasya"]
[Black "Atalik, Ekaterina"]
[Result "0-1"]
[Board "33"]
[WhiteElo "2271"]
[WhiteTitle "WGM"]
[WhiteCountry "RUS"]
[WhiteFideId "4165012"]
[WhiteEloChange "-5"]
[BlackElo "2452"]
[BlackTitle "IM"]
[BlackCountry "TUR"]
[BlackFideId "4130189"]
[BlackEloChange "3"]

1. e4 {[%clk 1:30:59]} c6 {[%clk 1:30:52]} 2. d4 {[%clk 1:31:24]} d5 {[%clk
1:31:14]} 3. exd5 {[%clk 1:31:22]} cxd5 {[%clk 1:31:35]} 4. Bd3 {[%clk 1:31:48]}
Nc6 {[%clk 1:31:51]} 5. c3 {[%clk 1:32:10]} Nf6 {[%clk 1:31:58]} 6. Bf4 {[%clk
1:32:12]} Bg4 {[%clk 1:31:20]} 7. Qb3 {[%clk 1:32:02]} Qc8 {[%clk 1:22:53]} 8.
Nd2 {[%clk 1:30:00]} e6 {[%clk 1:22:54]} 9. Ngf3 {[%clk 1:29:37]} Be7 {[%clk
1:22:36]} 10. O-O {[%clk 1:29:36]} Bh5 {[%clk 1:21:16]} 11. Ne5 {[%clk 1:07:53]}
Nxe5 {[%clk 1:18:30]} 12. dxe5 {[%clk 1:06:56]} Nd7 {[%clk 1:18:49]} 13. c4
{[%clk 1:05:36]} dxc4 {[%clk 1:06:26]} 14. Nxc4 {[%clk 0:35:33]} Nc5 {[%clk
0:59:17]} 15. Qb5+ {[%clk 0:35:11]} Qd7 {[%clk 0:58:44]} 16. Nd6+ {[%clk
0:35:08]} Bxd6 {[%clk 0:59:06]} 17. exd6 {[%clk 0:35:33]} Nxd3 {[%clk 0:55:29]}
18. Qxd3 {[%clk 0:35:58]} O-O {[%clk 0:54:22]} 19. Rac1 {[%clk 0:33:16]} Rfc8
{[%clk 0:51:57]} 20. Qe3 {[%clk 0:31:18]} Rc6 {[%clk 0:49:52]} 21. Rxc6 {[%clk
0:24:58]} bxc6 {[%clk 0:49:10]} 22. Rc1 {[%clk 0:20:13]} f6 {[%clk 0:48:09]} 23.
Qc5 {[%clk 0:16:11]} Be8 {[%clk 0:40:53]} 24. Be3 {[%clk 0:12:25]} a6 {[%clk
0:36:38]} 25. b3 {[%clk 0:10:42]} Rb8 {[%clk 0:36:00]} 26. Qa3 {[%clk 0:10:27]}
e5 {[%clk 0:31:37]} 27. Bc5 {[%clk 0:10:05]} Ra8 {[%clk 0:29:02]} 28. Rc4 {[%clk
0:07:12]} Bf7 {[%clk 0:28:32]} 29. Ra4 {[%clk 0:07:36]} Qc8 {[%clk 0:25:03]} 30.
Bb6 {[%clk 0:05:21]} Bd5 {[%clk 0:23:05]} 31. h3 {[%clk 0:05:33]} h6 {[%clk
0:21:06]} 32. Bc7 {[%clk 0:04:58]} Kh7 {[%clk 0:17:17]} 33. Qb4 {[%clk 0:05:17]}
Qf5 {[%clk 0:13:08]} 34. Ra5 {[%clk 0:02:34]} e4 {[%clk 0:10:24]} 35. Qb7 {[%clk
0:02:18]} e3 {[%clk 0:03:23]} 36. fxe3 {[%clk 0:02:39]} Re8 {[%clk 0:03:18]} 37.
Bb6 {[%clk 0:02:43]} c5 {[%clk 0:01:37]} 38. Qxa6 {[%clk 0:01:37]} Rxe3 {[%clk
0:01:10]} 39. Qf1 {[%clk 0:01:09]} Qe6 {[%clk 0:00:59]} 40. d7 {[%clk 0:31:14]}
Re1 {[%clk 0:30:49]} 41. d8Q {[%clk 0:28:04]} Qe3+ {[%clk 0:29:58]} 42. Kh2
{[%clk 0:28:05]} Qe5+ {[%clk 0:30:04]} 43. Kg1 {[%clk 0:27:48]} Qd4+ {[%clk
0:30:11]} 44. Kh2 {[%clk 0:28:09]} Rxf1 {[%clk 0:30:00]} 0-1

[Event "European Women's Championship"]
[Site "Vysoke Tatry"]
[Date "2018.04.10"]
[Round "3"]
[White "Michna, Marta"]
[Black "Mamedjarova, Turkan"]
[Result "0-1"]
[Board "35"]
[WhiteElo "2367"]
[WhiteTitle "WGM"]
[WhiteCountry "GER"]
[WhiteFideId "1106686"]
[WhiteEloChange "-13"]
[BlackElo "2274"]
[BlackTitle "WGM"]
[BlackCountry "AZE"]
[BlackFideId "13402005"]
[BlackEloChange "13"]

1. d4 {[%clk 1:30:58]} d5 {[%clk 1:30:52]} 2. Bf4 {[%clk 1:31:24]} Nf6 {[%clk
1:30:59]} 3. e3 {[%clk 1:31:48]} e6 {[%clk 1:31:11]} 4. Nf3 {[%clk 1:32:02]} Bd6
{[%clk 1:31:20]} 5. Bd3 {[%clk 1:32:21]} Bxf4 {[%clk 1:30:58]} 6. exf4 {[%clk
1:32:47]} c5 {[%clk 1:30:51]} 7. dxc5 {[%clk 1:31:31]} Qa5+ {[%clk 1:30:10]} 8.
Qd2 {[%clk 1:31:07]} Qxc5 {[%clk 1:30:33]} 9. Nc3 {[%clk 1:31:02]} O-O {[%clk
1:30:16]} 10. O-O-O {[%clk 1:21:48]} a6 {[%clk 1:26:39]} 11. Kb1 {[%clk 1:06:10]}
b5 {[%clk 1:25:01]} 12. Nd4 {[%clk 0:57:16]} Nbd7 {[%clk 1:11:49]} 13. Qe3 {[%clk
0:28:19]} Nb6 {[%clk 1:06:41]} 14. Rhe1 {[%clk 0:22:19]} Bd7 {[%clk 0:59:43]} 15.
Nb3 {[%clk 0:19:28]} Qxe3 {[%clk 0:59:14]} 16. Rxe3 {[%clk 0:17:39]} Rfc8 {[%clk
0:56:56]} 17. Ne2 {[%clk 0:15:09]} g6 {[%clk 0:50:18]} 18. Ned4 {[%clk 0:13:55]}
b4 {[%clk 0:43:56]} 19. Re2 {[%clk 0:12:21]} a5 {[%clk 0:40:36]} 20. Nd2 {[%clk
0:12:48]} a4 {[%clk 0:37:17]} 21. f3 {[%clk 0:12:50]} Nh5 {[%clk 0:29:58]} 22. g3
{[%clk 0:13:07]} Ra5 {[%clk 0:30:14]} 23. Nf1 {[%clk 0:12:59]} a3 {[%clk
0:21:18]} 24. b3 {[%clk 0:13:15]} Ng7 {[%clk 0:21:10]} 25. Ne3 {[%clk 0:12:43]}
f6 {[%clk 0:21:20]} 26. Ng4 {[%clk 0:10:34]} Kf7 {[%clk 0:21:25]} 27. Rde1 {[%clk
0:10:31]} Na8 {[%clk 0:19:06]} 28. f5 {[%clk 0:05:52]} gxf5 {[%clk 0:16:51]} 29.
Nxf5 {[%clk 0:02:22]} Nxf5 {[%clk 0:16:15]} 30. Bxf5 {[%clk 0:02:48]} exf5 {[%clk
0:16:14]} 31. Re7+ {[%clk 0:03:06]} Kg6 {[%clk 0:16:33]} 32. Rxd7 {[%clk
0:03:12]} fxg4 {[%clk 0:16:51]} 33. fxg4 {[%clk 0:03:35]} Rc7 {[%clk 0:16:39]}
34. Rd8 {[%clk 0:03:03]} Nb6 {[%clk 0:14:26]} 35. h4 {[%clk 0:02:46]} Rac5 {[%clk
0:13:34]} 36. h5+ {[%clk 0:01:59]} Kh6 {[%clk 0:11:46]} 37. Re2 {[%clk 0:00:57]}
Rc8 {[%clk 0:11:33]} 38. Rd6 {[%clk 0:01:17]} R5c6 {[%clk 0:11:53]} 39. Ree6
{[%clk 0:01:38]} Rxd6 {[%clk 0:11:14]} 40. Rxd6 {[%clk 0:32:04]} Re8 {[%clk
0:36:06]} 41. Kc1 {[%clk 0:32:18]} Nc8 {[%clk 0:35:01]} 42. Rxf6+ {[%clk
0:31:32]} Kg5 {[%clk 0:31:14]} 43. Rf7 {[%clk 0:30:30]} Nd6 {[%clk 0:23:32]} 44.
Rxh7 {[%clk 0:26:06]} Kxg4 {[%clk 0:21:55]} 45. h6 {[%clk 0:26:03]} Re1+ {[%clk
0:21:59]} 46. Kd2 {[%clk 0:26:25]} Rh1 {[%clk 0:22:09]} 47. Kd3 {[%clk 0:18:40]}
Ne4 {[%clk 0:14:57]} 48. Kd4 {[%clk 0:16:10]} Nc3 {[%clk 0:08:24]} 49. Rg7+
{[%clk 0:14:52]} Kf3 {[%clk 0:07:41]} 50. h7 {[%clk 0:13:51]} Nxa2 {[%clk
0:07:43]} 51. Rf7+ {[%clk 0:03:17]} Kxg3 {[%clk 0:06:35]} 52. Kc5 {[%clk
0:03:31]} Rh2 {[%clk 0:05:26]} 53. Rg7+ {[%clk 0:01:31]} Kf4 {[%clk 0:03:34]} 54.
Rf7+ {[%clk 0:01:07]} Ke5 {[%clk 0:02:42]} 55. Re7+ {[%clk 0:01:06]} Kf6 {[%clk
0:02:51]} 56. Ra7 {[%clk 0:00:43]} Rxc2+ {[%clk 0:02:54]} 57. Kxd5 {[%clk
0:00:57]} Rh2 {[%clk 0:01:37]} 58. Rc7 {[%clk 0:00:37]} Nc3+ {[%clk 0:01:19]} 59.
Kc4 {[%clk 0:00:55]} Rh4+ {[%clk 0:01:18]} 60. Kc5 {[%clk 0:01:12]} Na4+ {[%clk
0:01:20]} 61. Kb5 {[%clk 0:01:12]} a2 {[%clk 0:01:33]} 62. Rc1 {[%clk 0:01:37]}
Nc3+ {[%clk 0:01:48]} 63. Kc5 {[%clk 0:01:48]} Nb1 {[%clk 0:02:08]} 0-1